Ověření možnosti modelového přístupu k posouzení komplexní náročnosti na zdroje (jako nástroje pro hodnocení strukturálních změn) na příkladu čs. průmyslu
Guardado en:
| Autor principal: | |
|---|---|
| Formato: | Libro |
| Lenguaje: | checo |
| Publicado: |
Praha
Výzkumný ústav soc. ekon. in.
1983
|
| Colección: | Studijní materiál
č. 149 |
| Etiquetas: |
Sin Etiquetas, Sea el primero en etiquetar este registro!
|
MARC
| LEADER | 00000nam a2200000 4500 | ||
|---|---|---|---|
| 001 | c106986 | ||
| 005 | 20181203150259.2 | ||
| 041 | 0 | |a cze | |
| 044 | |a CZ | ||
| 245 | 1 | 0 | |a Ověření možnosti modelového přístupu k posouzení komplexní náročnosti na zdroje (jako nástroje pro hodnocení strukturálních změn) na příkladu čs. průmyslu |c Alena Nešporová |
| 264 | 1 | |a Praha |b Výzkumný ústav soc. ekon. in. |c 1983 | |
| 300 | |a 109 s. | ||
| 490 | 1 | |a Studijní materiál |v č. 149 | |
| 830 | 0 | |a Studijní materiál |v č. 149 | |
| 100 | 1 | |a Nešporová, Alena | |